<?xml version="1.0" encoding="UTF-8"?>
<collection xmlns="http://www.loc.gov/MARC21/slim">
 <record>
  <leader>03725nta a2200253 i 4500</leader>
  <controlfield tag="001">dokt11280</controlfield>
  <controlfield tag="005">20230112150630.0</controlfield>
  <controlfield tag="008">220426s2022    hu      om    0||   eng d</controlfield>
  <datafield tag="024" ind1="7" ind2=" ">
   <subfield code="a">10.14232/phd.11280</subfield>
   <subfield code="2">doi</subfield>
  </datafield>
  <datafield tag="024" ind1="7" ind2=" ">
   <subfield code="a">32860720</subfield>
   <subfield code="2">mtmt</subfield>
  </datafield>
  <datafield tag="040" ind1=" " ind2=" ">
   <subfield code="a">SZTE Doktori Repozitórium</subfield>
   <subfield code="b">hun</subfield>
  </datafield>
  <datafield tag="041" ind1=" " ind2=" ">
   <subfield code="a">eng</subfield>
  </datafield>
  <datafield tag="100" ind1="1" ind2=" ">
   <subfield code="a">Tóth Noémi</subfield>
  </datafield>
  <datafield tag="245" ind1="1" ind2="0">
   <subfield code="a">Ca2+ dependent regulation of sinoatrial node pacemaking</subfield>
   <subfield code="h">[elektronikus dokumentum] /</subfield>
   <subfield code="c"> Tóth Noémi</subfield>
  </datafield>
  <datafield tag="246" ind1="1" ind2="0">
   <subfield code="a">Ca2+ függő folyamatok a szinusz csomó spontán ingerképző mechanizmusában</subfield>
   <subfield code="h">[elektronikus dokumentum]</subfield>
  </datafield>
  <datafield tag="260" ind1=" " ind2=" ">
   <subfield code="c">2022-05-09</subfield>
  </datafield>
  <datafield tag="502" ind1=" " ind2=" ">
   <subfield code="a">Disszertacio</subfield>
  </datafield>
  <datafield tag="520" ind1="3" ind2=" ">
   <subfield code="a">Introduction: Normal heart rhythm depends on a precise and regular activity of the sinoatrial node (SAN) pacemaker cells. The exact electrophysiological mechanism of spontaneous cardiac pacemaking is not fully understood. Recent results suggest a tight cooperation between the intracellular Ca2+ handling (‘Ca2+ clock’) and surface membrane ion channels (‘membrane clock’) which is referred as the coupled clock mechanism. One of the suggested key players of this crosstalk is the Na+/Ca2+-exchanger (NCX), however direct evidence was unavailable so far, due to the lack of selective inhibitor. Purpose: Our aim was to investigate the robustness and flexibility of SAN automaticity via analysing the role of different Ca2+ dependent currents such as NCX and Ca2+ activated K+ current (IK(Ca)) in the mechanism of cardiac pacemaking. We also studied the effect of SAN frequency on the development of ventricular action potential (AP) and Ca2+ transient (CaT) alternans. Methods: APs were measured from both SAN and ventricular papillary muscle preparations by conventional microelectrode technique. Ion currents combined with fluorescent Ca2+ tracking were recorded by whole cell and perforated configuration of patch clamp technique on isolated rabbit SAN cells and dog ventricular cardiomyocytes. Results: The cycle length (CL) lengthening effect of NCX inhibition could be augmented when the funny current (If) was previously inhibited and vice-versa the effect of If reduction was facilitated when the Ca2+ handling was suppressed. Functioning reverse NCX resulted in larger Ca2+ transient amplitude with enhanced SR Ca2+ content. Spontaneous AP frequency increased as a consequence of active reverse NCX. Ca2+ activated K+ current had no role in SAN pacemaking. Ventricular action potential alternans showed strong rate-dependence having clear frequency threshold. Conclusion: Our results provide the first pharmacological evidence regarding the role of both forward and reverse NCX current in pacemaker mechanism. Experimental and modelling data support a close cooperation between If and NCX establishing a &quot;pacemaker reserve&quot; mechanism.  The reverse NCX activity may provide additional Ca2+ influx that could increase SR Ca2+ content providing a „Ca2+ reserve” mechanism. This „dual” function of NCX may provide a safety margin of pacemaking and largely increases the robustness (i.e. fail-safe) of spontaneous automaticity. Excessive SAN pacemaking induces ventricular AP and Ca2+ transient alternans as a result of mutual crosstalk of surface membrane ion channels and intracellular Ca2+.</subfield>
  </datafield>
  <datafield tag="650" ind1=" " ind2="4">
   <subfield code="a">elméleti orvostudományok</subfield>
  </datafield>
  <datafield tag="650" ind1=" " ind2="4">
   <subfield code="a">Orvos- és egészségtudomány</subfield>
  </datafield>
  <datafield tag="700" ind1="1" ind2=" ">
   <subfield code="a">Nagy Norbert</subfield>
   <subfield code="e">ths</subfield>
  </datafield>
  <datafield tag="856" ind1="4" ind2="0">
   <subfield code="u">https://doktori.bibl.u-szeged.hu/id/eprint/11280/1/DrTothNoemi_Disszertacio_MODI.pdf</subfield>
   <subfield code="z">Dokumentum-elérés </subfield>
  </datafield>
  <datafield tag="856" ind1="4" ind2="0">
   <subfield code="u">https://doktori.bibl.u-szeged.hu/id/eprint/11280/2/DrTothNoemi_Tezisfuzet_angol_MODI.pdf</subfield>
   <subfield code="z">Dokumentum-elérés </subfield>
  </datafield>
  <datafield tag="856" ind1="4" ind2="0">
   <subfield code="u">https://doktori.bibl.u-szeged.hu/id/eprint/11280/3/DrTothNoemi-Tezisfuzet_magyar_MODI.pdf</subfield>
   <subfield code="z">Dokumentum-elérés </subfield>
  </datafield>
 </record>
</collection>
